000 00616nam a2200241 a 4500
003 AR-BaBNM
005 20251128203432.0
008 082120s2002 ||||||||||||||000 | spa||
040 _cAR-BaBNM
100 1 _aHayek, Friedrich August von
245 0 0 _aDesnacionalización de la moneda
260 _aBuenos Aires
_bBolsa de Comercio
_c1980
300 _a347 p.
504 _aBibliografía p. 249-255
650 4 _aCOMERCIO INTERNACIONAL
650 4 _aMONEDA
650 4 _aDINERO
650 4 _aPOLITICA MONETARIA
650 4 _aSISTEMAS MONETARIOS
650 4 _aECONOMIA
942 _cBK
998 _cmariana
999 _c3378
_d3378